000 00504cam a22002171 4500
001 sa 68011719
003 DLC
005 20260227112604.0
008 890918s1965 ii 000 0 tamo
010 _asa 68011719
035 _a(OCoLC)20361172
040 _aDLC
_cWaU
_dDLC
042 _apremarc
050 0 0 _aPN6401
_b.M8
100 1 _aMurukan̲, P.
245 1 0 _aPal̲amol̲iyum vāl̲viyalum.
260 _c[1965]
300 _a124 p.
_c18 cm.
500 _aIn Tamil.
650 0 _aProverbs.
999 _c84077
_d84077